000 02185 a2200313 4500
003 CBULib
005 20251022081705.0
008 251021b |||||||| |||| 00| 0 eng d
020 _a9780323567466
040 _aCBULib
_bEnglish
_cCBULib
_dCBULib
_erda
050 _aRB 38.2 Pag
100 _aPagana, Kathleen Deska
_94948
_eauthor
245 _aMosby's Canadian manual of diagnostic and laboratory tests
_c/ by Katheleen Deska Pagana and Timothy J. Pagana
250 _aSecond edition.
260 _bElsevier,
_c2019
_aToronto :
300 _axiii, 1239 pages : illustrations
336 _2rdacontent
_aText |
_btxt
337 _2rdamedia
_aUnmediated |
_bn
338 _2rdacarrier
_aVolume
_bnc
500 _a"Written exclusively for a Canadian market, Mosby's Canadian Manual of Diagnostic and Laboratory Tests, Second Edition provides clear, concise coverage of more than 700 of the most commonly performed tests, with Canadian lab values, SI units, Canadian cultural considerations, and unique Canadian content. Its many features include an easy-to-understand writing style, full-colour illustrations, and a logical organization. Each test entry is presented in a consistent format to provide quick access to information on specimen collection, normal findings, indications, test explanation, procedure and patient care, and test results and clinical significance, as well as any applicable contraindications, potential complications, interfering factors, and related tests. The second edition has been updated to reflect the latest procedures, equipment, and techniques, along with 24 of the most current laboratory and diagnostics test. Plus, updated Canadian guidelines are highlighted by a maple leaf icon for easy reference!" -- from publisher's website
504 _aIncludes bibliography and index.
650 0 _91166
_aDIAGNOSIS, LABORATORY--HANDBOOKS, MANUAL, etc
650 0 _91455
_a CANADA
650 0 _94952
_aDIOGNOSIS, RADIOSCOPIC
_bHANDBOOK, MANUALS, ETC.
650 0 _94953
_aRADIODIOGNOSTICS CARE METHODS
_vHANDBOOKS, MANUALS, ETC.
700 _94954
_aPagana, Timothy J.
_eauthor
700 _94955
_aMacDonald, Sandra A. Pike
_eeditor
942 _2lcc
_c002
999 _c86459
_d86459